00812 2200205 4500001002100000005001500021035002000036008004100056245003400097100001200131250000600143260003800149300001200187084001400199082000800213650001000221520035100231990001200582990001200594INLIS00000000000134120240517080046 a0010-0524000576240517 1 ind 1 aA Piece Of My Soul /cK. Nada aK. Nada a1 aYogyakarta :bSheila/ Andi,c2019 a344 hlm a813 NAD a a813 4aFiksi aLo nggak pernah sadar selama ini, Kei. Kenapa gue suka natap mata lo dengan sungguh-sungguh? Karena gue pengen cari tahu apakah yang gue rasain juga lo rasain. Apa ini pengakuan cinta? Apa ini termasuk kategori itu? tanyaku dalam hati. “Jatuh cinta ke orang yang sama hanya dengan memandang matanya. Bahkan nggak butuh alasan lain selain itu. a0741524 a0741525